000 00675nam a2200217 a 4500
999 _c11002
_d11002
001 11002
003 BD-JhCC
005 20190718125212.0
008 190618s2014 ii |||| |||| 000 0 ben d
020 _a9789383658048
035 _a(BD-JhCC)11002
040 _aBD-JhCC
_dBD-JhCC
041 _aben
082 _a020
_bSAR 2014
100 _aসরকার, ড. জগৎপতি
245 _aগ্রন্থাগার বীক্ষণ /
_cড. জগৎপতি সরকার,
260 _aকলিকাতা :
_bপ্রভা,
_c২০১৪.
300 _a২০৭ পৃ. :
_c২১ সেমি.
650 _aLibrary Science
942 _2ddc
_cBK